00944cam a22002531 4500001001300000003000400013005001700017008004100034010001700075035001900092040004500111042001200156050001600168082001300184100003700197245006900234260008300303300006200386490007900448500007400527504003000601650002800631650003100659gs 15000668 DLC20260227111318.0771012s1915 ctuabf b 000 0 eng c ags 15000668  a(OCoLC)3335350 aU. S. Geol. survey. LibrarycCtFaUdDLC apremarc00aQE732b.L85 a557.46 s1 aLull, Richard Swann,d1867-1957.10aTriassic life of the Connecticut valley,cby Richard Swann Lull. aHartford,bPrinted for the State geological and natural history survey,c1915. a285 p.billus., XII pl., 3 fold. maps, fold. tab.c23 cm.0 aConnecticut. State Geological and natural history survey. Bulletinvno. 24 aAt head of half-title: State of Connecticut. Public document no. 47. aBibliography: p. 265-271. 0aPaleontologyyTriassic. 0aPaleontologyzConnecticut.